000 005230000a22001690004500
003 MACL
005 20160210133333.0
008 160210b xxu||||| |||| 00| 0 eng d
040 _aMACL
_cmacl
041 _aHindi
082 _a294
100 _aब्रहम्‍चारी श्री प्रभुदत्‍त
_937668
245 _aभागवत दर्शन्‍ा
260 _bसंकीर्तन भवन
_aइलाहाबाद
650 _aReligion
_937669
942 _cHIN
_k294
_2ddc
999 _c26285
_d26285